Wymień wszystkich rywali w karierze Patryka Kaczmarczyka. - Statystyki

Ogólne statystyki
  • Ten quiz został rozwiązany 4 razy
  • Średni wynik to 5 z 11
Statystyki odpowiedzi
WYGRANA/PRZEGRANA RYWAL % Poprawnych
Przegrana Robert Ruchala
100%
Wygrana Adrian Kepa
50%
Przegrana Dawid Smielowski
50%
Wygrana Edgar Davalos
50%
Wygrana Hubert Sulewski
50%
Wygrana Michal Domin
50%
Wygrana Michal Sobiech
50%
Wygrana Pascal Hintzen
50%
Wygrana Daniel Matuszek
25%
Wygrana Karol Kutyla
25%
Wygrana Krystian Krawczyk
25%
Nie znaleziono quizów pasujących do podanych kryteriów
Rozkład punktacji
Procent ludzi z każdym wynikiem
Percentyl według liczby udzielonych odpowiedzi
Twoja historia wyników
Nie rozwiązałeś tego quizu